| 000 | 01303cam a2200349 a 4500 | ||
|---|---|---|---|
| 999 |
_c522546 _d522546 |
||
| 001 | 2468118 | ||
| 003 | NUST | ||
| 005 | 20181031044200.0 | ||
| 008 | 900226s1990 nyua b 001 0 eng | ||
| 010 | _a 90002991 | ||
| 020 |
_a0385260946 : _c$19.95 ($24.95 Can.) |
||
| 038 | _aWASEEM | ||
| 040 |
_aDLC _cDLC _dDLC |
||
| 050 | 0 | 0 |
_aHD58.9 _b.S46 1990 |
| 082 | 0 | 0 |
_a658.4 _bSEN |
| 100 | 1 |
_aSenge, Peter M. _912511 |
|
| 245 | 1 | 4 |
_aThe fifth discipline : _bthe art and practice of the learning organization / _cPeter M. Senge. |
| 250 | _a1st ed. | ||
| 260 |
_aNew York : _bDoubleday/Currency, _cc1990. |
||
| 300 |
_aviii, 424 p. : _bill. ; _c24 cm. |
||
| 504 | _aIncludes bibliographical references (p. [391]-409) and index. | ||
| 650 | 0 |
_aOrganizational effectiveness. _94213 |
|
| 650 | 0 |
_aTeams in the workplace. _912393 |
|
| 740 | 0 | _aLearning organization. | |
| 740 | 0 | _a5th discipline. | |
| 856 | 4 | 2 |
_3Book review (Education Review) _uhttp://edrev.asu.edu/reviews/rev92.htm |
| 856 | 4 | 2 |
_3Publisher description _uhttp://www.loc.gov/catdir/description/random041/90002991.html |
| 856 | 4 | 1 |
_3Sample text _uhttp://www.loc.gov/catdir/enhancements/fy0703/90002991-s.html |
| 906 |
_a7 _bcbc _corignew _d1 _eocip _f19 _gy-gencatlg |
||
| 942 |
_2ddc _cBK |
||